Datum a čas kvízu
32.5
Celkem bodů
Celkový počet nahraných bodů na tomto kvízu bez doplňovacích otázek.
3.
Pořadí na kvízu
Konečné umístění týmu na tomto kvízu.
Zaznamenané odpovědi
# | Otázka | Odpověď | Body | Výsledky |
---|---|---|---|---|
1. | V neděli byla slavnostně otevř... | sv. Jakub | 1 | |
2. | Ve čtvrtek odsoudil nejvyšší s... | Brazílie; Jair Bolsonaro | 0.5 | |
3. | Ve čtvrtek měla v českých kin... | Srnky | 0 | |
4. | Řada polských zelinářů je pořá... | B | 0 | |
5. | Čeští volejbalisté si po dlouh... | Filipíny | 1 | |
6. | V tomto tématu se budeme zabýv... | sestra - bratr | 0 | |
7. | Chronologicky seřaďte vybrané... | 1D 2B 3C 4A | 0 | |
8. | Která z uvedených osobností je... | C | 1 | |
9. | V této otázce nás bude zajímat... | Přemysl Otakar I. | 1 | |
10. | Přiřaďte příbuzenské vztahy vy... | 1B 2C 3D 4A | 0 |